000 00923nam a22002297a 4500
999 _c9000
_d9000
003 AR-CdUCM
008 190327b ||||| |||| 00| 0 spa d
040 _aMUNICIPALIDAD PROVINCIAL DEL CUSCO
_cBIBLIOTECA MUNICIPAL DEL CUSCO
041 _heng.
082 _a668.1 /
_bB82
100 _aBraund, Karl
_924920
245 _aFabricación de jabones /
260 _aMéxico :
_bUnión tipográfica editorial Hispano- América
_c1963.
300 _a137 paginas ;
_c17 cm.
505 _aContenido :Historia del jabón --La química del jabón --Materias y primas auxiliares --Tecnología del jabón --Maquinaria auxiliar --Blanqueo del jabón --Análisis de jabones --Calculo de los costos de fabricación de jabón /
650 _aJabones
_924921
650 _aFabricación
_924922
700 _aTheodor Klug (editor)
_924923
700 _aMaria Teresa Toral (traducción)
_924924
942 _2ddc
_cLIBROS
945 _arjall